Bordering Countries with same number of Neighbours on the World Map - Statistics

General Stats
  • This quiz has been taken 165 times
  • The average score is 62 of 88
Answers on the Map
Answers color-coded by a green-red scale on the quiz's map according to % correct below.
 
Answer Stats
Country % Correct
China
94%
Russia
94%
Niger
84%
Chad
82%
Chad
82%
Chad
82%
Dominican Rep.
82%
Haiti
82%
Algeria
81%
Ethiopia
80%
Mali
80%
CAR
79%
CAR
79%
CAR
79%
Libya
79%
Libya
79%
Panama
78%
South Sudan
78%
South Sudan
78%
Tanzania
78%
Bolivia
77%
Bolivia
77%
Cameroon
77%
Cameroon
77%
Costa Rica
77%
Costa Rica
77%
Namibia
77%
Namibia
77%
Nigeria
77%
Ukraine
77%
Ukraine
77%
Peru
76%
Peru
76%
Zambia
76%
Angola
75%
Argentina
75%
Nicaragua
75%
Romania
75%
Ghana
74%
Mozambique
74%
Benin
73%
Botswana
73%
Botswana
73%
Bulgaria
73%
Bulgaria
73%
Colombia
73%
Indonesia
73%
South Africa
73%
Laos
72%
Zimbabwe
72%
Kenya
71%
Poland
71%
Togo
71%
Hungary
70%
Malaysia
70%
Myanmar
70%
Somalia
69%
Vietnam
69%
Eritrea
68%
Greece
68%
Guyana
67%
Guyana
67%
Macedonia
67%
Uganda
66%
Albania
65%
Albania
65%
Venezuela
65%
Cambodia
64%
Montenegro
64%
Suriname
64%
Djibouti
63%
Djibouti
63%
Kazakhstan
63%
Uzbekistan
63%
Croatia
62%
Kyrgyzstan
60%
Norway
60%
Tajikistan
60%
Finland
59%
Kosovo
56%
Israel
53%
Jordan
53%
Oman
52%
UAE
50%
Latvia
47%
Armenia
46%
Georgia
46%
Lithuania
45%
No matching quizzes found
Score Distribution
Percent of People with Each Score
Percentile by Number Answered
Your Score History
You have not taken this quiz